Loading...
| Fine Arts - Classical Music | 0 | 5 | 2 | 1 | 40 | 50 | 63.20 | 1 | 5 |
| Social Science | 0 | 3 | 0 | 0 | 30 | 57 | 61.67 | 0 | 1 |
| Painting/Sculpture | 0 | 3 | 0 | 0 | 30 | 33 | 58.00 | 0 | 1 |
| Philosophy | 0 | 3 | 0 | 0 | 30 | 25 | 76.33 | 0 | 1 |
| Literature - European Literature | 0 | 2 | 0 | 1 | 20 | 77 | 85.50 | 0 | 0 |
| Literature - World Literature | 0 | 1 | 0 | 0 | 10 | 90 | 90.00 | 0 | 0 |
| Literature - American Literature | 0 | 1 | 0 | 1 | 10 | 68 | 68.00 | 0 | 0 |
| Literature - British Literature | 0 | 1 | 0 | 0 | 10 | 63 | 63.00 | 0 | 1 |
| Fine Arts - Other Fine Arts | 0 | 1 | 2 | 1 | 0 | 115 | 115.00 | 0 | 0 |
| Science - Biology | 0 | 0 | 1 | 0 | -5 | 0.00 | 0 | 0 |